UFL Teams quiz - Statistics

General Stats
  • This quiz has been taken 68 times
  • The average score is 6 of 8
Answer Stats
Conference Answer % Correct
USFL Birmingham Stallions
78%
USFL Michigan Panthers
78%
XFL DC Defenders
76%
XFL St. Luis Battlehawks
76%
XFL Arlington Renegades
69%
XFL San Antonio Brahmas
69%
USFL Houston Roughnecks
67%
USFL Memphis Showboats
60%
No matching quizzes found
Score Distribution
Percent of People with Each Score
Percentile by Number Answered
Your Score History
You have not taken this quiz